| 000 | 00480nam a2200181Ia 4500 | ||
|---|---|---|---|
| 001 | 17014 | ||
| 005 | 20260306170353.0 | ||
| 008 | 260306t2024||||xx |||||||||||||| ||und|| | ||
| 041 | _aESP | ||
| 082 |
_a657.42 _bL97 |
||
| 100 |
_aLuján Alburqueque, Luis, _eAUT |
||
| 245 | 0 |
_aContabilidad de costos : _bprincipales criterios para su correcta aplicación |
|
| 260 | _c2024 | ||
| 300 |
_a366 páginas : _c29 cm. |
||
| 650 | _aGEN | ||
| 654 | _aCCO | ||
| 942 |
_cLIB _dJUS _fJUS _2ddc _n |
||
| 999 |
_c17014 _d17014 |
||